000 00767cab a2200253 4500
001 WB3132-61
008 090401t1995 xxu||||| |||| 00| 0 eng d
035 _a(Sirsi) u57446
041 _aeng
245 _aAgricultural land values take off
260 _c1995
350 _a0
490 _aEstates Gazette
_v(9534) 26 August 1995, 26
490 _aRICS Press Release
_v(113) 25 August 1995 (5)
520 _aDiscusses the latest report in Farmland Market which shows that agricultural land is at it`s most buoyant for years. Includes figures.
650 _aAGRICULTURAL LAND VALUES
650 _aARABLE SECTOR
650 _aFARMLAND MARKET
650 _aSURVEYORS
690 _aLAND
690 _aRURAL PRACTICE
942 _n0
948 _c04/03/1997
999 _c35033
_d35033